| 000 | 00453nam a2200169Ia 4500 | ||
|---|---|---|---|
| 008 | 130318s9999 xx 000 0 und d | ||
| 020 | _a9781555706173 | ||
| 082 | _a025.04 REE/B | ||
| 100 | _aReese, Terry | ||
| 245 | _aBuilding digital libraries | ||
| 260 |
_bNeal-Schuman Publishers _aNew York _c2008 |
||
| 300 | _a277 | ||
| 440 | _aA how-to-do-it manual-153 | ||
| 650 | _aDIGITAL LIBRARY | ||
| 650 | _aINFORMATION SYSTEM | ||
| 700 | _aBanerjee, Kyle | ||
| 999 |
_c2141 _d2141 |
||